| 000 | 01268nam a22002297a 4500 | ||
|---|---|---|---|
| 005 | 20240305165552.0 | ||
| 007 | cr|||| |||| | ||
| 008 | 201104s2020 es |||||s|||| 00||0 spa d | ||
| 035 | _a32341 | ||
| 040 | _avLex | ||
| 090 |
_c10845 _d10845 |
||
| 245 | 0 | 0 |
_aWebinars del Texto Refundido de la Ley Concursal 2020 _h[Recurso electrónico] / |
| 256 | _aServicio en línea | ||
| 260 |
_aBarcelona: _bEditorial vLex, _c2020 |
||
| 300 | _a1 recurso electrónico | ||
| 500 | _aLa obra <em>Webinars del Texto Refundido de la Ley Concursal 2020</em> dirigida por la magistrada María del Mar Hernández, se realiza un completo y exhaustivo análisis del Texto Refundido de la Ley Concursal de 2020. Los autores son todos magistrados de gran prestigio y coautores de la obra </em>Práctico Concursal</em>. | ||
| 506 | 1 |
_aDisponible solo en los productos indicados _dvLex Global _dvLex Global (Academic Edition, excluding Law Schools) _dvLex Global (U.S. Academic Edition, Law Schools) _dvLex Global (U.S. Academic Edition, excluding Law Schools) _dvLex Global (Academic Edition, Law Schools) |
|
| 650 | 0 | 4 |
_aDerecho Mercantil y de la Empresa _zEspaña |
| 740 | 0 | _aPrácticos vLex (Servicio en línea) | |
| 856 | 4 | 0 | _uhttps://app.vlex.com/#/sources/32341 |
| 942 | _cRAA | ||
| 999 |
_c169081 _d169081 |
||